000 00199 a2200097 4500
001 4501
100 _aCotton,H
245 _aApplied electricity
260 _a
_bCleaver-Hume
_c
090 _c3699
_d3699
942 _aNUST-CAE
_cM
_c29932
999 _c239574
_d239574